Na štart do Paríža

Bibliographic Details
Main Authors: Haverda, Andrej (Author, Photographer), Martinecová, Jana (Author)
Format: Book
Language:Slovak
PhysicalDescription:239 strán, 22 nečíslovaných strán obrazových príloh fotografie (prevažne farebné) 21 cm
Published: Bratislava T.A.R. 2002
Subjects:

MARC

LEADER 00000cam a2200000 a 4500
001 vtls001440522
003 SK-MaSNL
005 20260302035721.0
008 240226s2002 xo o gr 000 0 slo
015 |a SNBA2003/01-00229 
035 |a SNK000395695 
035 |a urn:nbn:sk:snk-am3j03w 
035 |a D123CAED-452E-406E-8CB7-9A32E3C072B6 
035 |a urn:nbn:sk:snk-am00ghg7 
040 |a SNK  |b slo  |c SNK  |e AACR2 
041 0 |a slo 
044 |a xo  |c SK 
080 |a 796.71.093.54  |2 2011 
080 |a (0:82-4)  |2 2011 
080 |a 629.326  |2 2011 
080 |a 796.71.093  |2 2011 
080 |a 629.331  |2 2011 
100 1 |a Haverda, Andrej  |4 aut  |4 pht  |9 689050 
245 1 0 |a Na štart do Paríža  |c Andrej Haverda ; autorská spolupráca: Jana Martinecová 
260 |a Bratislava  |b T.A.R.  |c 2002 
300 |a 239 strán, 22 nečíslovaných strán obrazových príloh  |b fotografie (prevažne farebné)  |c 21 cm 
366 |e 500 kusov 
611 2 7 |a Rallye Paríž-Dakar  |2 SNKKA  |9 689051 
650 0 7 |a rallye  |2 SNKPH  |9 3268 
650 0 7 |a motocykle  |2 SNKPH  |9 23508 
650 0 7 |a automobilové preteky  |2 SNKPH  |9 69302 
650 0 7 |a automobily  |2 SNKPH  |9 18879 
655 7 |a reportáže  |2 SNKPH  |9 28856 
700 1 |a Martinecová, Jana  |4 aut  |9 689052 
958 |a TL 
958 |a OND 
999 |c 1071821  |d 1073751 
952 |t P60, <03>, [BOOK], {603}  |a SNK  |b SNK  |y PREZ  |7 0  |p 17A0356617  |o snkSC 109229  |i snkKSP 11314/2002  |0 0  |1 0  |4 0  |d 2002-09-16  |f 1  |l 0  |r 2025-09-30 00:00:00  |w 2026-02-24 
952 |t P60, <04>, [BOOK], {604}  |a SNK  |b SNK  |y VYP  |7 0  |p 17A0356618  |o snkSC 109229 D1  |i snkKSP 11315/2002  |0 0  |1 0  |4 0  |d 2002-09-16  |l 0  |r 2005-01-02 00:00:00  |w 2026-02-24